| 000 | 00858cab a22002295a 4500 | ||
|---|---|---|---|
| 001 | L154262 | ||
| 008 | 111108s2011 xxka f 000 0 eng d | ||
| 035 | _a(Sirsi) u154262 | ||
| 041 | 0 | _aeng | |
| 245 | 0 | 0 |
_aConstruction procurement _bthe new British Standard, 8534:2011 construction procurement policies, strategies and procedures code of practice |
| 260 | _c2011 | ||
| 490 |
_aCivil Engineering Surveyor _vNovember 2011, 30(1) |
||
| 520 | _aExamines the key points and implications of the new British Standard 8534:2011 on construction procurement | ||
| 590 | _aKA | ||
| 651 | 4 |
_aUnited Kingdom _y |
|
| 690 | _aBUILT ENVIRONMENT-CONSTRUCTION DESIGN | ||
| 690 | _aBUILT ENVIRONMENT-CONSTRUCTION MANAGEMENT | ||
| 690 | _aBUILT ENVIRONMENT-BUILDING STANDARDS | ||
| 690 |
_aProject management _96261 |
||
| 690 |
_aProcurement _96260 |
||
| 942 | _n0 | ||
| 999 |
_c83548 _d83548 |
||